| 000 | 00393nam a22001337a 4500 | ||
|---|---|---|---|
| 082 |
_a355.4 _bTAY _cD |
||
| 100 |
_aTaylor, James G., _937940 |
||
| 245 |
_aForce-on-force attrition modelling _bJames G. Taylor |
||
| 260 |
_aVirginia., _bMilitary Application Section. _c1981 |
||
| 300 |
_avi, 160 p. : _bill. |
||
| 526 |
_a0 _b0 _c0 _d355_400000000000000_TAY |
||
| 650 |
_aMCE _9379 |
||
| 942 |
_2ddc _cBK |
||
| 999 |
_c542676 _d542676 |
||